01021nam a2200265 i 450000100060000000300090000600500170001500800390003201500170007104000280008808000340011624501190015026000670026930000330033638000170036950000300038650400360041664800140045264800140046665000320048070000490051270000430056171000530060485600980065713040KOSZ 00520240405063015.0990506s1970 pl a f 001 0 pol aPB 1970/3986 aWA NcWA NdKOSZ 005/ID a63(438)(091):338.43(438)(091)00aZarys historii gospodarstwa wiejskiego w Polsce.nT. 3 /c[aut. B. Baranowski et al.] ; red. Janina Leskiewiczowa. aWarszawa :bPaństwowe Wydawnictwo Rolnicze i Leśne,c1970. a806, [2] s. :bil. ;c25 cm. aKsiążki. aCałość obejmuje 3 t. aBibliogr. s. 733-[743]. Indeks. 4a1801-1900 4a1901-2000 4aRolnictwozPolskay19-20 w.1 aLeskiewiczowa, Janinad(1917-2012)eRedakcja1 aBaranowski, Bohdand(1915-1993)eAutor2 aPaństwowe Wydawnictwo Rolnicze i Leśne4pbl. uhttp://koha.tu.koszalin.pl/cgi-bin/koha/opac-detail.pl?biblionumber=13040yKatalog online BPK